[Event "Assisi op-B 4th"]
[Site "Assisi"]
[Date "2008.12.20"]
[Round "2"]
[White "Parrini, Fabio"]
[Black "Mannori, Giampaolo"]
[Result "1-0"]
[WhiteElo "1900"]
[BlackElo "1515"]
[PlyCount "125"]
[EventDate "2008.12.20"]
[EventType "swiss"]
[EventRounds "7"]
[EventCountry "ITA"]
[SourceTitle "EXT 2010"]
[Source "ChessBase"]
[SourceDate "2010.11.25"]
[SourceVersion "1"]
[SourceVersionDate "2010.11.25"]
[SourceQuality "1"]

1. e4 c5 2. Nf3 Nc6 3. a3 g6 4. Bc4 Bg7 5. 0-0 Nf6 6. d3 0-0 7. h3 d6 8. Nc3 Bd7 9. Be3 a6 10. Qd2 b5 11. Ba2 Rb8 12. e5 Ne8 13. exd6 exd6 14. Bh6 b4 15. Bxg7 Nxg7 16. axb4 Rxb4 17. Qh6 Nf5 18. Qc1 Kg7 19. Nd5 Rb8 20. Bc4 a5 21. Bb3 Be6 22. Qd2 Ra8 23. Ng5 Nfd4 24. Nxe6+ fxe6 25. Nf4 e5 26. Ne6+ Nxe6 27. Bxe6 Qe7 28. Bd5 Ra6 29. Bxc6 Rxc6 30. Rxa5 Rfc8 31. Rfa1 Qf6 32. c3 Qf7 33. c4 Qf6 34. b4 cxb4 35. Qxb4 Qe6 36. Ra7+ R8c7 37. Qb8 Qd7 38. Rxc7 Rxc7 39. Ra8 Kh6 40. Qf8+ Kg5 41. Kh2 Qe7 42. Qf3 Qf7 43. Qg4+ Kh6 44. f3 Rd7 45. g3 Qf5 46. Qxf5 gxf5 47. Rf8 Kg6 48. h4 Rf7 49. Rd8 Rf6 50. Rd7 h6 51. Kh3 h5 52. f4 Re6 53. fxe5 dxe5 54. c5 e4 55. dxe4 fxe4 56. Rd6 Kf6 57. Rxe6+ Kxe6 58. Kg2 Kd5 59. g4 hxg4 60. h5 e3 61. h6 e2 62. Kf2 g3+ 63. Kxe2 1-0